HOW TO EXPORT: AS PER NEW IMPORT EXPORT POLICY AND PROCEDURE 1997-2202 (Record no. 477781)

MARC details
000 -LEADER
fixed length control field 00861nam a2200229Ia 4500
008 - FIXED-LENGTH DATA ELEMENTS--GENERAL INFORMATION
fixed length control field 100315s9999 xx 000 0 und d
020 ## - INTERNATIONAL STANDARD BOOK NUMBER
International Standard Book Number 81-7274-214-2 
082 ## - DEWEY DECIMAL CLASSIFICATION NUMBER
Item number 3046 
Classification number 382.6 
100 ## - MAIN ENTRY--PERSONAL NAME
Personal name "JAIN, Nabhi Kumar "
245 ## - TITLE STATEMENT
Title HOW TO EXPORT: AS PER NEW IMPORT EXPORT POLICY AND PROCEDURE 1997-2202
250 ## - EDITION STATEMENT
Edition statement 5th 
260 ## - PUBLICATION, DISTRIBUTION, ETC. (IMPRINT)
Place of publication, distribution, etc New Delhi 
Name of publisher, distributor, etc Nabhi  
Date of publication, distribution, etc 1997 
300 ## - PHYSICAL DESCRIPTION
Extent "XIV,160p.  "
365 ## - TRADE PRICE
Price note Rupees 
Unit of pricing
Price amount 70.00 
366 ## - TRADE AVAILABILITY INFORMATION
Publishers' discount category
505 ## - FORMATTED CONTENTS NOTE
Miscellaneous information Tushar Jadhav 
530 ## - ADDITIONAL PHYSICAL FORM AVAILABLE NOTE
Availability source -  
620 ## -
-- "Golden Rules for Sucessfull Exporting, Preliminaries for Starting Export Business, Registration of Exporters, Appointing Overseas Agents "
630 ## - SUBJECT ADDED ENTRY--UNIFORM TITLE
Uniform title HOW TO EXPORT: AS PER NEW IMPORT EXPORT POLICY AND PROCEDURE 1997-2202
730 ## - ADDED ENTRY--UNIFORM TITLE
Uniform title HOW TO EXPORT: AS PER NEW IMPORT EXPORT POLICY AND PROCEDURE 1997-2202
942 ## - ADDED ENTRY ELEMENTS (KOHA)
Koha item type Book
Holdings
Withdrawn status Lost status Damaged status Not for loan Home library Current library Date acquired Cost, normal purchase price Total Checkouts Full call number Barcode Date last seen Price effective from Koha item type
        Dr. V. N. Bedekar Institute of Management Studies Library Dr. V. N. Bedekar Institute of Management Studies Library 01/20/2006 70.00   382.6 /NAB  3046  VPMBRIMS-3046  03/19/2010 03/19/2010 Book